000 00829nam a2200193Ia 4500
008 090124s9999 xx 000 0 und d
082 _b31688
100 _aदाते धुंडिराजशास्त्री
245 _a धर्म-शास्त्रीय निर्णय
250 _a2
260 _b"सुमंगल पब्लिशिंग कंपनी, दादर, मुंबई"
_c1993
300 _a152
600 _aदाते धुंडिराजशास्त्री
630 _a धर्म-शास्त्रीय निर्णय
700 _aदाते धुंडिराजशास्त्री
700 _aसाऴगांवकर जयंत
730 _a धर्म-शास्त्रीय निर्णय
942 _cBOOK
999 _c97760
_d97760